|
|
|
|
| LEADER |
00000nam0a2200000 4500 |
| 001 |
321186 |
| 005 |
20231102003341.0 |
| 035 |
|
|
|a (RuTPU)RU\TPU\book\346733
|
| 090 |
|
|
|a 321186
|
| 100 |
|
|
|a 20160818d1983 m y0rusy50 ca
|
| 101 |
0 |
|
|a rus
|
| 102 |
|
|
|a RU
|
| 105 |
|
|
|a a z 000ay
|
| 200 |
1 |
|
|a Месяц улетающих птиц
|e документальная повесть
|f Ю. Я. Калещук
|
| 210 |
|
|
|a Москва
|c Современник
|d 1983
|
| 215 |
|
|
|a 272 с.
|c ил.
|
| 225 |
1 |
|
|a Наш день
|
| 606 |
1 |
|
|a Русская литература современная
|2 stltpush
|3 (RuTPU)RU\TPU\subj\26373
|9 50316
|
| 610 |
1 |
|
|a художественная литература
|
| 610 |
1 |
|
|a документальные повести
|
| 610 |
1 |
|
|a Ямал
|
| 610 |
1 |
|
|a нефть
|
| 610 |
1 |
|
|a разведка
|
| 610 |
1 |
|
|a добыча
|
| 610 |
1 |
|
|a люди
|
| 675 |
|
|
|a Р2
|v 4
|
| 700 |
|
1 |
|a Калещук
|b Ю. Я.
|g Юрий Яковлевич
|4 070
|
| 801 |
|
1 |
|a RU
|b 63413507
|c 20160818
|
| 801 |
|
2 |
|a RU
|b 63413507
|c 20210111
|g RCR
|
| 942 |
|
|
|c BK
|